Pueblos de Cádiz - Estadísticas

Estadísticas generales
  • Esta prueba ha sido intentada 398 veces
  • La puntuación promedio es 25 de 45
Estadísticas de respuestas
Respuesta % Correcto
Jerez de la Frontera
94%
Cádiz
89%
Chiclana de la Frontera
88%
Algeciras
84%
Puerto de Santa María, El
83%
San Fernando
83%
Conil de la Frontera
79%
Sanlúcar de Barrameda
78%
Chipiona
76%
La Línea de la Concepción
75%
Tarifa
74%
Barbate
71%
Vejer de la Frontera
71%
Puerto Real
70%
Zahara de la Sierra
70%
Rota
69%
Arcos de la Frontera
65%
Ubrique
64%
El Bosque
55%
Grazalema
53%
Medina Sidonia
53%
Los Barrios
52%
Setenil de las Bodegas
50%
San Roque
49%
Villamartín
49%
Alcala de los Gazules
48%
Jimena de la Frontera
48%
Olvera
48%
Benalup-Casas Viejas
46%
Algodonales
45%
Trebujena
45%
Bornos
42%
Puerto Serrano
38%
San José del Valle
38%
Algar
37%
Castellar de la Frontera
37%
Espera
36%
Prado del Rey
36%
Alcala del Valle
34%
Paterna de Rivera
34%
El Gastor
33%
Benaocaz
32%
Villaluenga del Rosario
31%
Torre Alháquime
21%
San Martín del Tesorillo
20%
No se encontraron pruebas coincidentes
Distribución de puntuación
Porcentaje de gente con cada puntuación
Porcentaje por número respondido
Historial de tus puntuaciones
No has intentado esta prueba.